De l'esperit de les lleis / Montesquieu ; traducció de Josep Negre i Rigol ; edició a cura de Xavier Arbós ; pròleg de Jordi Solé-Tura
Descripción Física:
2 v. (348 i 363 p.) ; 19 cm
Colección:
Clàssics del pensament modern ; 5
MARC
| LEADER | 00000nam a2200000Ia 4500 | ||
|---|---|---|---|
| 001 | 1224, 1225 | ||
| 008 | 160829s1983 xx 000 0 cat d | ||
| 080 | |a D-1-129, D-1-130 | ||
| 100 | |a Montesquieu, Charles-Louis de Secondat, baron de |9 23892 | ||
| 245 | |a De l'esperit de les lleis / Montesquieu ; traducció de Josep Negre i Rigol ; edició a cura de Xavier Arbós ; pròleg de Jordi Solé-Tura | ||
| 260 | |a Barcelona : |b Edicions 62 : |b Diputació de Barcelona, |c 1983 | ||
| 300 | |a 2 v. (348 i 363 p.) ; |c 19 cm | ||
| 490 | |a Clàssics del pensament modern ; 5 | ||
| 650 | |a LLeis |x Filosofia |9 23893 | ||
| 650 | |a Filosofia francesa |x S. XVIII |9 36580 | ||
| 700 | |a Negre i Rigol, Josep, tr. |9 23895 | ||
| 700 | |a Arbós, Xavier |9 23759 | ||
| 700 | |a Solé Tura, Jordi, pr. |9 36803 | ||
| 710 | 1 | |a Barcelona (Catalunya : Província). |b Diputació |9 52408 | |
| 866 | |a 1, 2 | ||
| 901 | |a Arxiu | ||
| 942 | |n 1 | ||
| 952 | |0 0 |1 0 |4 0 |6 D1129_D1130 |7 1 |9 42910 |a Arxiu |b Arxiu |d 2016-12-01 |l 0 |o D-1-129, D-1-130 |p 1224, 1225 |r 2016-12-01 00:00:00 |w 2016-12-01 |y ARXIU | ||
| 999 | |c 45416 |d 45416 | ||